000 01999nam a22004214i 4500
999 _c64165
_d64165
001 19523611
003 CO-MdFUSB
005 20180119083339.0
008 170226t2017 nyu f b 001 0 eng
010 _a 2017008509
020 _a9781350030312 (hb)
020 _z9781350030336 (epub)
040 _aDLC
_bspa
_erda
_cCO-MdFUSB
_dCO-MdFUSB
041 _aeng
042 _apcc
082 0 0 _224
_aG 200.19
_bM478p
100 1 _aMcCauley, Robert N.,
_eauthor
242 1 0 _aFundamentos filosóficos de la ciencia cognitiva de la religión
_b: una ventaja
_lInglés
245 1 0 _aPhilosophical foundations of the cognitive science of religion
_b: a head start
_c/ Robert N. McCauley, con E. Thomas Lawson
263 _a1709
264 1 _aNew York :
_bBloomsbury Academic,
_c℗2017
264 4 _c©2017
300 _a179 páginas :
_b:
_c;
336 _2rdacontent
_atexto
_btxt
337 _2rdamedia
_asin mediación
_bn
338 _2rdacarrier
_avolumen
_bnc
490 0 _aScientific studies of religion: inquiry and explanation
501 _aIncluye índice (p. 171- 179)
504 _aBibñliografía (p. 155- 170)
505 0 _aEl pluralismo explicativo y la ciencia cognitiva de la religión: o por qué los académicos en estudios religiosos deberían dejar de preocuparse por el reduccionismo -- Interpretación y explicación: problemas y promesas en el estudio de la religión -- Crisis de conciencia, acertijo de la identidad: hacer espacio para un enfoque cognitivo de los fenómenos religiosos -- ¿A quién pertenece la cultura? -- Superando las barreras a una psicología cognitiva de la religión -- Veinticinco años en: hallazgos empíricos históricos en la ciencia cognitiva de la religión
650 7 _aReligión
_9385
650 7 _aReligión y cultura
_9388
906 _a7
_bcbc
_corignew
_d1
_eecip
_f20
_gy-gencatlg
942 _cBK